00647nam a2200217 i 4500001000300000245007600003260002100079490002100100650001000121655001300131700002100144830002100165040000800186041000800194080001300202942000700215008004100222999001700263856009800280952005100378bg 0aTypowe elementy hydrauliki siƂowej /coprac. Jerzy Jachnicki [et al.]. aWarszawa,c1980.1 aKatalog SWW 0876 9aPompy aKatalogi1 aJACHNICKI, Jerzy aKatalog SWW 0876 cBPK apol a621.5/.6 cKA s pl f |000 0 pol  c24099d24099 uhttp://koha.tu.koszalin.pl/cgi-bin/koha/opac-detail.pl?biblionumber=24099yKatalog online BPK 00104070aBPKbBPKcwoKC 1746p01811179yKA